[Event "14th Chigorin Mem B"]
[Site "St-Petersburg RUS"]
[Date "2006.10.26"]
[Round "5"]
[White "Severiukhina,Z"]
[Black "Fedoseev,S"]
[Result "0-1"]
[WhiteElo "2203"]
[BlackElo "2277"]

1.e4 c5 2.Nf3 d6 3.d4 cxd4 4.Nxd4 Nf6 5.Nc3 a6 6.f3 e6 7.Be3 Nc6 8.Qd2 Be7
9.O-O-O O-O 10.g4 Nd7 11.Kb1 Nde5 12.Be2 Na5 13.b3 Bd7 14.f4 Nec6 15.Nxc6 bxc6
16.g5 d5 17.Na4 Nb7 18.f5 exf5 19.exd5 c5 20.d6 Nxd6 21.Bf4 Bc6 22.Bxd6 Qxd6
23.Qxd6 Bxd6 24.Rhf1 Bxh2 25.Rxf5 Bxa4 26.bxa4 Rab8+ 27.Kc1 Rb4 28.c3 Rxa4
29.Rd7 g6 30.Rxc5 Rxa2 31.Bc4 Rf2 32.Bxa6 Ra8 33.Rc8+ Rxc8 34.Bxc8 Bf4+ 35.Kd1 Bxg5
36.c4 Rf4 37.Rc7 Bd8 38.Rc6 Rf6 39.Rc5 Rd6+ 40.Ke2 h5 41.Bh3 g5 42.Bf5 Kg7
43.Rc8 Kf6 44.c5 Rd4 45.Ke3 Ke5 46.Bd3 Rd5 47.Bc4 Rd7 48.Bb5 Rd1 49.Be2 Rd7
50.Bb5 Rb7 51.Bc4 Bc7 52.Bxf7 h4 53.Re8+ Kf6 54.Bd5 Rb5 55.Re6+ Kf5 56.Kd4 g4
57.Rh6 h3 58.Be6+ Kg5 59.Rh7 h2 60.Bd5 Bf4 61.Kc4 Rb2 62.Kc3 Be5+ 63.Kd3 g3  0-1

[Event "14th Chigorin Mem"]
[Site "St-Petersburg RUS"]
[Date "2006.10.26"]
[Round "5"]
[White "Melnikov,D"]
[Black "Airapetian,Ta"]
[Result "1-0"]
[WhiteElo "2352"]
[BlackElo "2268"]

1.e4 c5 2.Nf3 d6 3.d4 cxd4 4.Nxd4 Nf6 5.Nc3 a6 6.f3 e6 7.Be3 b5 8.Qd2 b4
9.Nce2 e5 10.Nb3 a5 11.Ng3 a4 12.Nc1 d5 13.Bb5+ Bd7 14.Bxd7+ Qxd7 15.Bg5 Be7
16.Bxf6 Bxf6 17.Qxd5 Qxd5 18.exd5 Ra5 19.Nd3 Na6 20.d6 Rd5 21.Ne4 Bh4+ 22.g3 Bd8
23.g4 h5 24.g5 Bb6 25.Ke2 Kd7 26.c4 bxc3 27.bxc3 Ke6 28.Rab1 Bd8 29.Rb7 f5
30.gxf6 gxf6 31.Rg1 Rxd6 32.Nxd6 Kxd6 33.Ra7 Nc7 34.Rxa4 Nd5 35.Ra6+ Kc7
36.Rg7+ Kb8 37.c4 Nc7 38.Rb6+ Kc8 39.Nc5 Re8 40.Rc6 Kb8 41.Rcxc7  1-0

[Event "AVTOGAZ 40"]
[Site "Togliatti RUS"]
[Date "2006.10.29"]
[Round "10"]
[White "Kovchan,A"]
[Black "Zubarev,Al1"]
[Result "1/2-1/2"]
[WhiteElo "2518"]
[BlackElo "2490"]

1.e4 c5 2.Nf3 d6 3.d4 cxd4 4.Nxd4 Nf6 5.Nc3 a6 6.Be3 Ng4 7.Bc1 Nf6 8.f3 e6
9.Be3 b5 10.Qd2 Bb7 11.g4 h6 12.O-O-O Nbd7 13.h4 b4 14.Na4 Qa5 15.b3 Nc5
16.a3 Nxa4 17.axb4 Qc7 18.bxa4 d5 19.e5 Nd7 20.f4 Nb6 21.Rh3 Nxa4 22.Bf2 Rc8
23.Be1 Nb6 24.f5 Nc4 25.Bxc4 Qxc4  1/2-1/2

[Event "Open"]
[Site "Santo Domingo DOM"]
[Date "2006.10.31"]
[Round "1"]
[White "Beltre,P"]
[Black "Subervi,J"]
[Result "0-1"]
[WhiteElo "1967"]
[BlackElo "2250"]

1.e4 c5 2.Nf3 d6 3.d4 cxd4 4.Nxd4 Nf6 5.Nc3 a6 6.f3 e5 7.Nb3 Be6 8.Be3 Nbd7
9.g4 b5 10.g5 b4 11.Ne2 Nh5 12.Qd2 Be7 13.O-O-O a5 14.Kb1 a4 15.Nbc1 Qa5
16.Ng3 Nxg3 17.hxg3 b3 18.Qxa5 bxc2+ 19.Kxc2 Rxa5 20.Rd2 O-O 21.Rdh2 Rc8+
22.Kb1 Nf8 23.Bd3 d5 24.exd5 Rxd5 25.Be4 Rb5 26.Ka1 a3 27.b3 Bb4 28.Ne2 g6
29.Rc1 Rxc1+ 30.Nxc1 Bd5 31.Bd3 Rb8 32.f4 exf4 33.gxf4 Bc3+ 34.Kb1 Re8 35.Bc5 Bb2
36.Re2 Rc8 37.Rc2 Ne6 38.Be3 Re8 39.Re2 Bf3 40.Rf2 Nxg5 41.Bd2 Ne4  0-1

[Event "Open"]
[Site "Santo Domingo DOM"]
[Date "2006.11.02"]
[Round "4"]
[White "Puntier,W"]
[Black "Duarte,Mart"]
[Result "1-0"]
[WhiteElo "2337"]
[BlackElo "2136"]

1.e4 c5 2.Nf3 d6 3.d4 cxd4 4.Nxd4 Nf6 5.Nc3 a6 6.f3 e6 7.Be3 Nc6 8.Qd2 Be7
9.O-O-O Qc7 10.g4 Nd7 11.g5 Nb6 12.Nxc6 Qxc6 13.Qd4 Qc5 14.f4 Nd7 15.Qd2 Qa5
16.Kb1 b5 17.Bg2 Bb7 18.e5 Bxg2 19.Qxg2 d5 20.f5 Qc7 21.g6 hxg6 22.fxe6 Nxe5
23.Nxd5 Qc6 24.Nc7+ Qxc7 25.Qxa8+ Bd8 26.Bf4 f6 27.Bxe5 fxe5 28.Rhf1 Qb6
29.Rxd8+  1-0

[Event "It"]
[Site "Klaksvik FAI"]
[Date "2006.11.05"]
[Round "2"]
[White "Hermansson,E"]
[Black "Ziska,H"]
[Result "1-0"]
[WhiteElo "2454"]
[BlackElo "2364"]

1.e4 c5 2.Nf3 d6 3.d4 cxd4 4.Nxd4 Nf6 5.Nc3 a6 6.f3 e6 7.Be3 b5 8.Qd2 Nbd7
9.g4 Nb6 10.a4 Nc4 11.Bxc4 bxc4 12.a5 Bb7 13.Na4 d5 14.g5 Nd7 15.exd5 Bxd5
16.O-O Rb8 17.Bf4 Bb4 18.c3 Bxa5 19.Bxb8 Qxb8 20.Nc5 Nxc5 21.Rxa5 Qb6 22.Ra2 O-O
23.Qe3 f5 24.Nc2 a5 25.Rfa1 f4 26.Qf2 Qd6 27.Rxa5 Nb3 28.Ra6 Qe5 29.Re1 Qxg5+
30.Qg2 Qh6 31.Nb4 Nc5 32.Ra7 Nd3 33.Nxd3 cxd3 34.Re5 d2 35.Qxd2 Bxf3 36.Qd4 Qg6+
37.Kf2 Bh1 38.Rxe6 Qg2+ 39.Ke1 f3 40.Qf2  1-0

[Event "Petersburg Autumn"]
[Site "St Petersburg RUS"]
[Date "2006.11.07"]
[Round "8"]
[White "Sivokho,S"]
[Black "Pankov,Ger"]
[Result "1-0"]
[WhiteElo "2476"]
[BlackElo "2341"]

1.e4 c5 2.Nf3 d6 3.d4 cxd4 4.Nxd4 Nf6 5.Nc3 a6 6.Be3 Ng4 7.Bc1 Nf6 8.f3 Qb6
9.Nb3 e6 10.Qe2 Nc6 11.Be3 Qc7 12.g4 b5 13.Qf2 Bb7 14.O-O-O Rc8 15.Kb1 Ne5
16.a3 Be7 17.g5 Nfd7 18.Rg1 Nc5 19.Rd2 Ned7 20.h4 Na4 21.Nxa4 bxa4 22.Nd4 Rb8
23.h5 g6 24.Rh1 gxh5 25.Rxh5 Nf8 26.Rd3 d5 27.Rc3 Qd6 28.e5 Qxe5 29.f4 Qd6
30.Nb5 axb5 31.Bxb5+ Nd7 32.Bc5 Qc7 33.Bxe7 Qxc3 34.bxc3 Kxe7 35.Kc1  1-0

[Event "IV Final Russian Cup Women"]
[Site "Moscow RUS"]
[Date "2006.11.17"]
[Round "9"]
[White "Severiukhina,Z"]
[Black "Lupik,M"]
[Result "1-0"]
[WhiteElo "2203"]
[BlackElo "2224"]

1.e4 c5 2.Nf3 d6 3.d4 cxd4 4.Nxd4 Nf6 5.Nc3 a6 6.f3 e5 7.Nb3 Be6 8.Be3 Be7
9.Qd2 O-O 10.O-O-O Nbd7 11.g4 b5 12.g5 b4 13.Ne2 Ne8 14.h4 a5 15.Kb1 a4 16.Nbc1 b3
17.Nc3 bxa2+ 18.N1xa2 Qb8 19.Nd5 Bd8 20.Bc4 Nb6 21.Bxb6 Bxb6 22.Ne7+ Kh8
23.Ng6+ hxg6 24.h5 Kg8 25.hxg6 fxg6 26.Bxe6+ Rf7 27.Rh8+ Kxh8 28.Bxf7 Nf6
29.gxf6 gxf6 30.Qh6+  1-0

[Event "TCh-BEL 2006-7"]
[Site "Belgium BEL"]
[Date "2006.11.19"]
[Round "4"]
[White "Haberkorn,D"]
[Black "Viaene,A"]
[Result "0-1"]
[WhiteElo "2167"]
[BlackElo "2031"]

1.e4 c5 2.Nf3 d6 3.d4 cxd4 4.Nxd4 Nf6 5.Nc3 a6 6.f3 e5 7.Nb3 Be6 8.Be3 Be7
9.Qd2 O-O 10.O-O-O b5 11.g4 b4 12.Nd5 Bxd5 13.exd5 a5 14.Kb1 Qc7 15.h4 a4
16.Nc1 a3 17.b3 Rc8 18.Bc4 Nbd7 19.g5 Nh5 20.Nd3 e4 21.fxe4 Ng3 22.Nxb4 Ne5
23.Bd3 Nxh1 24.Rxh1 f6 25.Nc6 fxg5 26.hxg5 g6 27.Bf4 Bf8 28.Bxe5 dxe5 29.Bc4 Kh8
30.d6 Qg7 31.d7 Rxc6 32.d8=Q Rxd8 33.Qxd8 Rd6 34.Qe8 Qe7 35.Qxe7 Bxe7 36.Bd5 Bxg5
37.c3 Rf6 38.Rh2 Rf1+ 39.Kc2 Bf4 40.Re2 Rc1+ 41.Kd3 Kg7 42.b4 Rb1 43.Bb3 Kf6
44.b5 Ke7 45.Kc4 Kd6 46.Kb4 g5 47.c4 Rb2 48.c5+ Kc7 49.Rc2 g4 50.b6+ Kc6
51.Ka5 Rxc2 52.Bxc2 Bg5 53.Bd1 g3 54.Bf3 Kxc5 55.b7 Bd8+ 56.Ka4 Bc7 57.Kxa3 Kd4
58.Kb4 Ke3 59.Bh1 Kf2 60.a4 h5 61.a5 h4 62.Kb5 h3 63.a6 Bb8 64.Kb6 g2 65.Bxg2 hxg2
66.a7 Bxa7+ 67.Kxa7 g1=Q 68.b8=Q Qa1+ 69.Kb7 Qb1+  0-1

[Event "1st GMA Cup"]
[Site "Manila PHI"]
[Date "2006.11.21"]
[Round "7"]
[White "Bitoon,R"]
[Black "Barbosa,O PHI"]
[Result "0-1"]
[WhiteElo "2433"]
[BlackElo "2414"]

1.e4 c5 2.Nf3 d6 3.d4 cxd4 4.Nxd4 Nf6 5.Nc3 a6 6.f3 e5 7.Nb3 Be6 8.Be3 Nbd7
9.Qd2 Rc8 10.O-O-O Qc7 11.Kb1 Be7 12.g4 b5 13.g5 Nh5 14.Nd5 Bxd5 15.exd5 Nb6
16.Na5 O-O 17.Bh3 Rb8 18.Nc6 Nc4 19.Qd3 Nxe3 20.Qxe3 Nf4 21.Nxb8 Rxb8 22.Bf1 Bxg5
23.h4 Bd8 24.h5 a5 25.Qe4 Qc5 26.Bd3 g6 27.hxg6 hxg6 28.Rh2 a4 29.c3 a3 30.Qb4 Nxd3
31.Qg4 Nf4 32.Qd7 Bf6  0-1

[Event "Capablanca mem Open"]
[Site "Havana CUB"]
[Date "2006.11.22"]
[Round "2"]
[White "Munoz,Li"]
[Black "Hernandez,T"]
[Result "1-0"]
[WhiteElo "2396"]
[BlackElo "2201"]

1.e4 c5 2.Nf3 d6 3.d4 cxd4 4.Nxd4 Nf6 5.Nc3 a6 6.f3 e5 7.Nb3 Be6 8.Be3 Be7
9.Qd2 O-O 10.g4 b5 11.g5 Nh5 12.Nd5 Bxd5 13.exd5 f5 14.gxf6 Rxf6 15.Be2 Nf4
16.O-O-O Nd7 17.Rhg1 Nb6 18.Bxf4 Rxf4 19.Bd3 Bg5 20.Kb1 Rg4 21.Qe2 Rxg1 22.Rxg1 Nxd5
23.Bxh7+ Kh8 24.Bd3 Nf4 25.Qe4 Nxd3 26.Rxg5 Nf4 27.Rg4 Rc8 28.Nd2 Qe7 29.Rxf4 Qg5
30.Rh4+ Kg8 31.Qd5+ Kf8 32.Qxd6+  1-0

[Event "Capablanca mem Open"]
[Site "Havana CUB"]
[Date "2006.11.23"]
[Round "3"]
[White "Soto Paez,O"]
[Black "Perez,Lu"]
[Result "1-0"]
[WhiteElo "2315"]
[BlackElo "2455"]

1.e4 c5 2.Nf3 d6 3.d4 cxd4 4.Nxd4 Nf6 5.Nc3 a6 6.f3 Nc6 7.Be3 d5 8.exd5 Nb4
9.Bc4 Nbxd5 10.Nb3 e6 11.Nxd5 exd5 12.Bd3 Bb4+ 13.Bd2 Qe7+ 14.Qe2 Bxd2+ 15.Nxd2 Be6
16.Nb3 O-O 17.O-O Rfe8 18.Rfe1 Qc7 19.Qe5 Qb6+ 20.Qd4 Qc7 21.Re2 Bd7 22.Rae1 Rxe2
23.Rxe2 Bb5 24.Bxb5 axb5 25.a3 Qc4 26.Kf2 h6 27.Qb6 Ra6 28.Qxb7 Re6 29.Qb8+ Kh7
30.Nc1 Qd4+ 31.Ke1 Qxb2 32.Kd2 Rc6 33.Kd1 Qd4+ 34.Ke1 Qc3+ 35.Kd1 Qd4+ 36.Ke1 Qa1
37.Kd1 Rc4 38.Qxb5 Qd4+ 39.Nd3 Qg1+ 40.Kd2 Qxh2 41.Kc1 Qg1+ 42.Kb2 Qd4+ 43.Ka2 Rc7
44.Qb4 Qa7 45.Qb3 Qa6 46.Rd2 Rc4 47.Nb4 d4 48.Nxa6  1-0

[Event "Capablanca mem Elite"]
[Site "Havana CUB"]
[Date "2006.11.23"]
[Round "3"]
[White "Ivanchuk,V"]
[Black "Dominguez,L"]
[Result "1/2-1/2"]
[WhiteElo "2741"]
[BlackElo "2655"]

1.e4 c5 2.Nf3 d6 3.d4 cxd4 4.Nxd4 Nf6 5.Nc3 a6 6.f3 e5 7.Nb3 Be6 8.Be3 h5
9.Be2 Nbd7 10.O-O b5 11.Qd2 Be7 12.Rfd1 Nb6 13.Bf1 Qc7 14.Qf2 Na4 15.Nxa4 bxa4
16.Bb6 Qb8 17.Na5 Nd7 18.Be3 Qxb2 19.Nc4 Bxc4 20.Bxc4 Qc3 21.Qe2 O-O 22.Bd2 Qd4+
23.Be3 Qc3  1/2-1/2

[Event "1st GMA Cup"]
[Site "Manila PHI"]
[Date "2006.11.23"]
[Round "9"]
[White "Roca,P"]
[Black "Suelo,R"]
[Result "1/2-1/2"]
[WhiteElo "2408"]
[BlackElo "2116"]

1.e4 c5 2.Nf3 d6 3.d4 cxd4 4.Nxd4 Nf6 5.Nc3 a6 6.f3 e6 7.Be3 d5 8.e5 Nfd7
9.f4 Nc6 10.Qd2 Nxd4 11.Bxd4 Qc7 12.Bd3 Bc5 13.Ne2 b5 14.c3 Bb7 15.Bxc5 Nxc5
16.Nd4 g6 17.O-O Rc8 18.Rac1 h5 19.Bb1 Qb6 20.Kh1  1/2-1/2

[Event "Capablanca mem Open"]
[Site "Havana CUB"]
[Date "2006.11.24"]
[Round "4"]
[White "Puntier,W"]
[Black "Macias Murillo,B"]
[Result "1-0"]
[WhiteElo "2337"]
[BlackElo "2216"]

1.e4 c5 2.Nf3 d6 3.d4 cxd4 4.Nxd4 Nf6 5.Nc3 a6 6.f3 e6 7.Be3 Be7 8.Qd2 Nbd7
9.O-O-O O-O 10.g4 Nb6 11.Qf2 Nfd7 12.h4 Qc7 13.g5 Nc4 14.Bxc4 Qxc4 15.Kb1 b5
16.Nce2 Bb7 17.g6 hxg6 18.h5 e5 19.b3 Qc8 20.Ne6 Nf6 21.Nxf8 gxh5 22.Ng3 g6
23.Nxg6 fxg6 24.Rdg1 Kf7 25.Qg2 Qg8 26.Bg5 Qh7 27.Nf1 Rc8 28.Ne3 Rc7 29.Qd2 Rc6
30.Nd5 Nxd5 31.Qxd5+ Ke8 32.Qe6 d5 33.Qxe5 dxe4 34.fxe4 Rc5 35.Qb8+ Bc8 36.Bxe7 Qxe7
37.Rxg6 Qxe4 38.Rg8+ Kf7 39.Qa7+ Bb7 40.Qxc5 Qxh1+ 41.Rg1 Qd5 42.Qc7+ Kf8
43.Rf1+ Ke8 44.Re1+ Kf8 45.Qf4+ Qf7 46.Qh6+ Qg7 47.Re8+  1-0

[Event "19th Belgrade Trophy"]
[Site "Belgrade SRB"]
[Date "2006.11.25"]
[Round "4"]
[White "Milic,Sl"]
[Black "Radivojevic,Mila"]
[Result "0-1"]
[WhiteElo "1912"]
[BlackElo "2180"]

1.e4 c5 2.Nf3 d6 3.d4 cxd4 4.Nxd4 Nf6 5.Nc3 a6 6.f3 b5 7.a3 e6 8.Bg5 Qb6
9.Qd2 Bb7 10.Be3 Qc7 11.g4 Nc6 12.g5 Nd7 13.f4 Be7 14.O-O-O b4 15.axb4 Nxb4
16.Nb3 Rc8 17.Bd3 d5 18.exd5 Nxd5 19.Rhf1 Bb4 20.Bd4 O-O 21.Kb1 Nxc3+ 22.Bxc3 Bxc3
23.bxc3 g6 24.Bxg6 hxg6 25.Qxd7 Qxc3 26.Qd3 Qh8 27.Rd2 Bd5 28.Nd4 Bc4 29.Qf3 Rb8+
30.Kc1 Bxf1 31.Qxf1 Rb4 32.c3 Ra4 33.Qd3 Rc8 34.Rc2 Qh4 35.Qe3 Ra1+ 36.Kb2 Re1
37.Qd2 Rb8+ 38.Ka2 Re4 39.Rb2 Rxb2+ 40.Qxb2 Qxf4 41.Qb7 e5 42.Qc8+ Kh7 43.Ne6 Qd2+
44.Ka3 Qc1+  0-1

[Event "Open A"]
[Site "Benidorm ESP"]
[Date "2006.12.02"]
[Round "2"]
[White "Contreras,H"]
[Black "Rodriguez Perez,Jor"]
[Result "1-0"]
[WhiteElo "2293"]
[BlackElo "2147"]

1.e4 c5 2.Nf3 d6 3.d4 cxd4 4.Nxd4 Nf6 5.Nc3 a6 6.f3 e5 7.Nb3 Be6 8.Be3 Nbd7
9.Qd2 b5 10.O-O-O Be7 11.g4 h6 12.Kb1 Nb6 13.Qf2 Na4 14.Nd5 Bxd5 15.exd5 Qc7
16.h4 Nd7 17.Bd3 Ndb6 18.Be4 Nc4 19.Bc1 a5 20.f4 Rb8 21.g5 h5 22.f5 Bd8 23.Rh3 Qd7
24.Qe2 Bb6 25.Rf3 Rb7 26.Ka1 Kd8 27.Bd3 Rc7 28.Nd2 Qc8 29.Ne4 Rd7 30.c3 Nc5
31.Bxc4 bxc4 32.Qxc4 Nxe4 33.Qxe4 Rc7 34.Be3 Bxe3 35.Rxe3 Qa6 36.b3 a4 37.Qd3 Qa7  1-0

[Event "ch-ROM"]
[Site "Predeal ROM"]
[Date "2006.12.05"]
[Round "9"]
[White "Parligras,M"]
[Black "Lupulescu,C"]
[Result "1/2-1/2"]
[WhiteElo "2511"]
[BlackElo "2571"]

1.e4 c5 2.Nf3 d6 3.d4 cxd4 4.Nxd4 Nf6 5.Nc3 a6 6.Be3 Ng4 7.Bc1 Nf6 8.f3 e5
9.Nb3 Be6 10.Be3 Be7 11.Qd2 O-O 12.O-O-O Nbd7 13.g4 b5 14.g5 b4 15.Ne2 Ne8
16.f4 a5 17.f5 a4 18.fxe6 axb3 19.exf7+ Rxf7 20.cxb3 Rxa2 21.Kb1 Qa8 22.Ng3 Rxf1
23.Rhxf1 Ra1+ 24.Kc2 Qc6+ 25.Kd3 Qb5+ 26.Kc2 Qc6+  1/2-1/2

[Event "Levikov Mem"]
[Site "Lviv UKR"]
[Date "2006.12.08"]
[Round "2"]
[White "Leniart,A"]
[Black "Tihonov,J"]
[Result "0-1"]
[WhiteElo "2315"]
[BlackElo "2494"]

1.e4 c5 2.Nf3 d6 3.d4 cxd4 4.Nxd4 Nf6 5.Nc3 a6 6.f3 e5 7.Nb3 Be6 8.Be3 h5
9.Nd5 Bxd5 10.exd5 g6 11.Qd2 Bg7 12.O-O-O Nbd7 13.Na5 Qc7 14.Kb1 O-O 15.c4 e4
16.b4 exf3 17.gxf3 Rfe8 18.Bd4 Ne5 19.Qf2 Qd7 20.Bd3 Rac8 21.a3 b5 22.cxb5 Nxd5
23.Be4 Qxb5 24.Qa2 Nc3+ 25.Bxc3 Rxc3 26.Rxd6 Nxf3 27.Bxg6 Ne5 28.Rd5 Qb6
29.Bxh5 Qe3 30.Rhd1 Qe4+ 31.Ka1 Nc4 32.Nxc4 Rc1+  0-1

[Event "13th Open A"]
[Site "Zadar CRO"]
[Date "2006.12.15"]
[Round "7"]
[White "Ragger,M"]
[Black "Brkic,A"]
[Result "1/2-1/2"]
[WhiteElo "2476"]
[BlackElo "2541"]

1.e4 c5 2.Nf3 d6 3.d4 cxd4 4.Nxd4 Nf6 5.Nc3 a6 6.Be3 Ng4 7.Bc1 Nf6 8.f3 e5
9.Nb3 Be6 10.Be3 Nbd7 11.Qd2 b5 12.O-O-O Nb6 13.Qf2 Nc4 14.Bxc4 bxc4 15.Na5 Qd7
16.g4 Be7 17.g5 Nh5 18.Nd5 Qa4 19.Nc3 Qd7 20.Nd5 Qa4 21.Nc3 Qd7  1/2-1/2

[Event "6th Amplico AIG Life"]
[Site "Warsaw POL"]
[Date "2006.12.16"]
[Round "1"]
[White "Buzun,M"]
[Black "Jakubowski,K"]
[Result "0-1"]
[WhiteElo "1855"]
[BlackElo "2497"]

1.e4 c5 2.Nf3 d6 3.d4 cxd4 4.Nxd4 Nf6 5.Nc3 a6 6.f3 e5 7.Nb3 Be6 8.Be3 Be7
9.Qd2 O-O 10.O-O-O Nbd7 11.g4 b5 12.h4 Nb6 13.Bxb6 Qxb6 14.Kb1 b4 15.Nd5 Bxd5
16.exd5 a5 17.Qd3 Rfc8 18.Qb5 Qc7 19.Qd3 a4 20.Nd2 Nxd5 21.Ne4 Nf4 22.Qd2 d5
23.Ng3 b3 24.cxb3 axb3 25.a3 Qc2+ 26.Ka1 Rxa3+ 27.bxa3 b2+  0-1

[Event "6th Amplico AIG Life"]
[Site "Warsaw POL"]
[Date "2006.12.16"]
[Round "2"]
[White "Antkowiak,G"]
[Black "Zhigalko,A"]
[Result "0-1"]
[WhiteElo "2183"]
[BlackElo "2532"]

1.e4 c5 2.Nf3 d6 3.d4 cxd4 4.Nxd4 Nf6 5.Nc3 a6 6.f3 e6 7.Be3 b5 8.g4 h6 9.Qd2 b4
10.Nce2 e5 11.Nf5 d5 12.exd5 Qxd5 13.O-O-O Be6 14.Neg3 Nc6 15.Qxd5 Nxd5 16.Bf2 g6
17.Ne3 Nf4 18.Bc4 Bg7 19.Bxe6 Nxe6 20.Nd5 O-O 21.Ne4 f5 22.Nc5 Ned4 23.Bxd4 Nxd4
24.gxf5 gxf5 25.f4 Rad8 26.Nxb4 a5 27.Nbd3 e4 28.Ne5 Ne2+ 29.Kb1 Nxf4 30.Rdf1 Bxe5  0-1

[Event "6th Amplico AIG Life"]
[Site "Warsaw POL"]
[Date "2006.12.16"]
[Round "6"]
[White "Leniart,A"]
[Black "Jakubowski,K"]
[Result "1-0"]
[WhiteElo "2315"]
[BlackElo "2497"]

1.e4 c5 2.Nf3 d6 3.d4 cxd4 4.Nxd4 Nf6 5.Nc3 a6 6.f3 e5 7.Nb3 Be6 8.Be3 Be7
9.Qd2 O-O 10.O-O-O Nbd7 11.g4 Rc8 12.Kb1 Nb6 13.h4 Nfd7 14.g5 Nc4 15.Bxc4 Rxc4
16.Nd5 Bxd5 17.Qxd5 Qc7 18.c3 Qc6 19.Qd3 Qc8 20.h5 Rc7 21.g6 h6 22.Rdg1 Nf6
23.Qd2 fxg6 24.hxg6 Qe6 25.Bxh6 Ne8 26.Be3 Rxf3 27.Qh2 Kf8 28.Qg2 Rxe3 29.Rh8+ Qg8
30.Qf2+  1-0

[Event "6th Amplico AIG Life"]
[Site "Warsaw POL"]
[Date "2006.12.17"]
[Round "12"]
[White "Zawadzka,J"]
[Black "Akesson,R"]
[Result "0-1"]
[WhiteElo "2353"]
[BlackElo "2467"]

1.e4 c5 2.Nf3 d6 3.d4 cxd4 4.Nxd4 Nf6 5.Nc3 a6 6.f3 e6 7.Be3 b5 8.Qd2 Bb7
9.g4 h6 10.O-O-O Nbd7 11.h4 b4 12.Na4 d5 13.Bh3 Qa5 14.b3 g5 15.hxg5 hxg5
16.e5 Nxe5 17.Bxg5 Nfd7 18.Qe2 Bc6 19.Nxc6 Nxc6 20.f4 Be7 21.Bxe7 Nxe7 22.f5 e5
23.g5 Qb5 24.Qg2 f6 25.gxf6 Nxf6 26.Qg7 Rf8 27.Bf1 Qc6 28.Rh8 Rxh8 29.Qxh8+ Kf7
30.Qh2 e4 31.Be2 Rc8 32.Bh5+ Kf8 33.Bg6 Ng4 34.Qh8+ Ng8 35.c3 bxc3 36.Rg1 Qf6
37.Qh3 Qg5+  0-1

[Event "Masters"]
[Site "Singapore SIN"]
[Date "2006.12.26"]
[Round "1"]
[White "Madjidov,J"]
[Black "Tay Li Jin Jeslin"]
[Result "1-0"]
[WhiteElo "2238"]
[BlackElo "2026"]

1.e4 c5 2.Nf3 d6 3.d4 cxd4 4.Nxd4 Nf6 5.Nc3 a6 6.f3 e5 7.Nb3 Be6 8.Be3 Nbd7
9.Qd2 b5 10.O-O-O Nb6 11.Qf2 Nfd7 12.f4 b4 13.Nd5 Bxd5 14.exd5 Qc7 15.Na5 Be7
16.Qd2 Rc8 17.Bxb6 Nxb6 18.Bxa6 O-O 19.Bxc8 Rxc8 20.Nc6 Bf6 21.fxe5 dxe5
22.Qxb4 e4 23.Qxe4 Ra8 24.d6 Qd7 25.Rhe1 h6 26.a3 Kh8 27.Rd3 Na4 28.Ne5 Qa7
29.d7 Rf8 30.Nxf7+ Kg8 31.d8=Q Bxb2+ 32.Kb1 Nc3+ 33.Rxc3 Rxd8 34.Nxd8 Bxc3
35.Qc4+  1-0

[Event "Australian Open"]
[Site "Tuggeranong AUS"]
[Date "2006.12.28"]
[Round "1"]
[White "Canfell,G"]
[Black "Hu,J"]
[Result "0-1"]
[WhiteElo "2304"]
[BlackElo "2051"]

1.e4 c5 2.Nf3 d6 3.d4 cxd4 4.Nxd4 Nf6 5.Nc3 a6 6.f3 e5 7.Nb3 Be6 8.Be3 Qc7
9.Qd2 Nbd7 10.g4 b5 11.g5 Nh5 12.O-O-O Rc8 13.Kb1 Be7 14.Qf2 O-O 15.Bd3 Nc5
16.Nd5 Bxd5 17.exd5 Nxd3 18.Rxd3 f5 19.Rc3 Qb7 20.Rxc8 Rxc8 21.Rd1 f4 22.Qh4 fxe3
23.Qxh5 e2 24.Re1 Qxd5 25.Rxe2 g6 26.Qg4 Rc4 27.Qg2 Rf4 28.Nd2 Bd8 29.Re4 Bxg5
30.Qxg5 Qxd2 31.b3 Qd1+ 32.Kb2 Qxf3 33.Rxf4 Qxf4 34.Qd8+ Kg7 35.Qxd6 Qd4+
36.Qxd4 exd4 37.Kc1 Kf6 38.Kd2 Ke5 39.Ke2 Ke4 40.a3 g5  0-1

[Event "Weihnachtsopen Masters"]
[Site "Zurich SUI"]
[Date "2006.12.28"]
[Round "4"]
[White "Sprenger,M"]
[Black "Deubelbeiss,R"]
[Result "1-0"]
[WhiteElo "2018"]
[BlackElo "2105"]

1.e4 c5 2.Nf3 d6 3.d4 cxd4 4.Nxd4 Nf6 5.Nc3 a6 6.f3 e5 7.Nb3 Be6 8.Be3 Nbd7
9.Qd2 b5 10.g4 Nb6 11.h4 b4 12.Nd1 d5 13.Bxb6 Qxb6 14.g5 Nh5 15.exd5 Ng3
16.dxe6 Nxh1 17.Qd7+  1-0

[Event "Masters"]
[Site "Singapore SIN"]
[Date "2006.12.29"]
[Round "7"]
[White "Song,R"]
[Black "Tay Li Jin Jeslin"]
[Result "1-0"]
[WhiteElo "2219"]
[BlackElo "2026"]

1.e4 c5 2.Nf3 d6 3.d4 cxd4 4.Nxd4 Nf6 5.Nc3 a6 6.f3 e5 7.Nb3 Be6 8.Be3 Nbd7
9.Qd2 b5 10.O-O-O Nb6 11.Qf2 Nc4 12.Bxc4 bxc4 13.Na5 Qc8 14.g4 Be7 15.g5 Nh5
16.Nd5 Bxd5 17.exd5 O-O 18.Nc6 Re8 19.Qh4 g6 20.Qxc4 Qf5 21.Qg4 Rac8 22.Rd3 Bd8
23.Ra3 Qxg4 24.fxg4 Nf4 25.Bxf4 exf4 26.h4 Ra8 27.Rb3 Re3 28.Rb4 f6 29.gxf6 Bxf6
30.Rxf4 Be5 31.Rff1 Re8 32.c3 Re2 33.Kb1 Bg7 34.Nb4 a5 35.Nd3 Rd2 36.Rd1 Ree2
37.Rxd2 Rxd2 38.Rh3 a4 39.a3 h6 40.Kc1 Rg2 41.Re3 Rxg4 42.Re6 Bf8 43.b4 axb3
44.Kb2 Rxh4 45.Rxg6+ Kf7 46.Rg1 Rh3 47.Rf1+ Ke8 48.Nf4 Rg3 49.Ne6 Be7 50.Kxb3 Kd7
51.a4 Rg8 52.Rh1 Rb8+ 53.Kc2 Ra8 54.Kb3 Rb8+ 55.Ka3 Rc8 56.Rh3 Bf6 57.Kb3 Rb8+
58.Kc2 Rc8 59.a5 Be5 60.a6 Ra8 61.Rxh6 Rc8 62.Rh7+ Ke8 63.Nc7+ Kd8 64.a7  1-0

[Event "Czech Christmas"]
[Site "Litomysl CZE"]
[Date "2007.01.01"]
[Round "9"]
[White "Berescu,A"]
[Black "Dydyshko,V"]
[Result "1/2-1/2"]
[WhiteElo "2485"]
[BlackElo "2562"]

1.e4 c5 2.Nf3 d6 3.d4 cxd4 4.Nxd4 Nf6 5.Nc3 a6 6.f3 e5 7.Nb3 Be6 8.Be3 Be7
9.Qd2 Nbd7 10.O-O-O O-O 11.g4 b5 12.Kb1 Qc7 13.Qf2 Rab8 14.g5  1/2-1/2

[Event "1st Open"]
[Site "Illes Medes ESP"]
[Date "2007.01.03"]
[Round "8"]
[White "Pruja Ramirez de Cartagena,M"]
[Black "Muratet Casadevall,A"]
[Result "0-1"]
[WhiteElo "1952"]
[BlackElo "2204"]

1.e4 c5 2.Nf3 d6 3.d4 cxd4 4.Nxd4 Nf6 5.Nc3 a6 6.f3 e5 7.Nb3 Be6 8.Be3 Nbd7
9.Qd2 Be7 10.O-O-O O-O 11.g4 b5 12.h4 b4 13.Nd5 Bxd5 14.exd5 Nb6 15.Bxb6 Qxb6
16.h5 Nd7 17.g5 a5 18.Bd3 a4 19.Bxh7+ Kxh7 20.g6+ fxg6 21.Rdg1 g5 22.Qd3+ Kh8
23.h6 g6 24.Qxg6 Rg8 25.Qe6 axb3 26.Qxd7 Qe3+ 27.Kb1 bxc2+ 28.Ka1 Rxa2+  0-1

[Event "1st Open"]
[Site "Illes Medes ESP"]
[Date "2007.01.03"]
[Round "8"]
[White "Kurmann,O"]
[Black "Pereira,Rub"]
[Result "0-1"]
[WhiteElo "2417"]
[BlackElo "2320"]

1.e4 c5 2.Nf3 d6 3.d4 cxd4 4.Nxd4 Nf6 5.Nc3 a6 6.f3 Qb6 7.Nb3 e6 8.g4 Nc6
9.g5 Nd7 10.h4 Qc7 11.Be3 b5 12.h5 b4 13.Ne2 Nce5 14.Ned4 Bb7 15.Rh3 d5 16.exd5 Bxd5
17.f4 Nc4 18.Bxc4 Bxc4 19.Qg4 Rc8 20.Kf2 Be7 21.Rg1 Bd5 22.Bd2 Nc5 23.Nxc5 Bxc5
24.Be3 Bxd4 25.Bxd4 Qxc2+ 26.Qe2 Qf5 27.Kg3 Rc4 28.Rd1 Rc2 29.Rd2 Rxd2 30.Qxd2 O-O
31.Qxb4 Qe4 32.Be5 Qg2+ 33.Kh4 Rc8 34.Qd4 f5 35.gxf6 g5+ 36.hxg6 hxg6 37.Rg3 Qh2+
38.Rh3 Qc2 39.Kg3 Qg2+ 40.Kh4 Kf7  0-1

[Event "XXXII Open"]
[Site "Seville ESP"]
[Date "2007.01.10"]
[Round "4"]
[White "Korneev,O"]
[Black "Komljenovic,D"]
[Result "0-1"]
[WhiteElo "2606"]
[BlackElo "2481"]

1.e4 c5 2.Nf3 d6 3.d4 cxd4 4.Nxd4 Nf6 5.Nc3 a6 6.Be3 Ng4 7.Bc1 Nf6 8.f3 h5
9.Be3 e6 10.Qd2 Nbd7 11.Bc4 Ne5 12.Bb3 Qc7 13.O-O-O Be7 14.h3 h4 15.Bg5 b5
16.Ndxb5 axb5 17.Nxb5 Qb8 18.Nxd6+ Bxd6 19.Qxd6 Qxd6 20.Rxd6 Rh5 21.Be3 Ned7
22.Rhd1 Rha5 23.a3 Ba6 24.Kb1 Be2 25.R1d2 Bf1 26.Rf2 Ba6 27.Bd2 Rh5 28.Ba4 Bb5
29.Bxb5 Rxb5 30.Bb4 O-O-O 31.Rfd2  0-1

[Event "Open A"]
[Site "Prague CZE"]
[Date "2007.01.18"]
[Round "9"]
[White "Londyn,R"]
[Black "Blasko,I"]
[Result "1/2-1/2"]
[WhiteElo "2269"]
[BlackElo "2315"]

1.e4 c5 2.Nc3 d6 3.Nf3 Nf6 4.d4 cxd4 5.Nxd4 a6 6.f3 e6 7.Be3 b5 8.g4 Nfd7
9.Qd2 Nb6 10.O-O-O N8d7 11.Ndxb5 axb5 12.Nxb5 Ba6 13.Nxd6+ Bxd6 14.Qxd6 Nc4
15.Bxc4 Bxc4 16.a3 Rc8 17.Rd2 Qe7 18.Rhd1 Qxd6 19.Rxd6 Ne5 20.Bd4 f6 21.Bxe5 fxe5
22.Kd2 Ke7 23.Ke3 Rc7 24.Rb6 h5 25.g5 Ba2 26.Ra1 Rd8 27.Rxa2 Rxc2 28.Rb7+ Kf8
29.Rb3 Rdd2 30.Rc3 Re2+ 31.Kd3 Red2+ 32.Kc4 Rxh2 33.a4 Rxb2 34.Rxb2 Rxb2
35.Ra3 Kf7 36.a5 Kg6 37.a6 Rb8 38.a7 Ra8 39.Kd3 Kxg5 40.Ke3 Kf6 41.Kf2 Kg5
42.Kg3 h4+ 43.Kf2 Kf4 44.Ra1 Kg5 45.Kg2 Kf4 46.Ra3 g5 47.Kh3 g4+ 48.fxg4 Kxe4
49.Kxh4 Kf4 50.Kh3 e4 51.Ra6 Kf3 52.Kh2 e3 53.Kg1 Kxg4  1/2-1/2

[Event "ch-CUB Open"]
[Site "Santa Clara CUB"]
[Date "2007.01.18"]
[Round "9"]
[White "Espinosa,E"]
[Black "Ortiz,I"]
[Result "1/2-1/2"]
[WhiteElo "2363"]
[BlackElo "2352"]

1.e4 c5 2.Nf3 d6 3.d4 cxd4 4.Nxd4 Nf6 5.Nc3 a6 6.f3 e6 7.Be3 b5 8.Qd2 Nbd7
9.g4 h6 10.O-O-O Ne5 11.a3 Nfd7 12.g5 hxg5 13.Bxg5 Qc7 14.f4 Nc4 15.Bxc4 bxc4
16.f5 Ne5 17.Bf4 Be7 18.fxe6 fxe6 19.Rhf1 Rb8 20.Bxe5 dxe5 21.Qg2 g5 22.Qg3 Rb7
23.Nf3 Qb6 24.Na4 Qc6 25.Qxe5 Rg8 26.Nd4 Qc7 27.Qxc7 Rxc7 28.Nb6 Rg6 29.Nxc8 Rxc8
30.c3 Bd6 31.Rf2 Rh6 32.Kb1 Ke7 33.Rg1 Bf4 34.Rgg2 Rh3 35.Nf3 Rg8 36.Ng1 Rh4
37.Nf3 Rhh8 38.Nd2 Rc8 39.Kc2 e5 40.Nf3 Rcg8 41.Nd2 Rc8 42.Nf3  1/2-1/2